[Event "XXVII. Rhein-Main-Open, Gruppe A"]
[Site "Bad Homburg vor der Höhe"]
[Date "2025.06.21"]
[Round "5.26"]
[White "Dornblüth, Christian"]
[Black "Spiegelberg, Silvia"]
[Result "1-0"]
[WhiteElo "1945"]
[BlackElo "1976"]
[PlyCount "125"]
[GameId "535116227220"]
[EventDate "2025.06.18"]
[WhiteTeam "SF Heidelberg"]
[BlackTeam "SF Sasbach e.V."]

1. d4 Nf6 2. c4 e5 3. dxe5 Ng4 4. Nf3 Bc5 5. e3 Nc6 6. Nc3 O-O 7. Be2 a5 8. Ne4 Bb4+ 9. Bd2 Qe7 10. a3 Bxd2+ 11. Nexd2 Ncxe5 12. Nxe5 Nxe5 13. O-O f5 14. Nf3 d6 15. Qd2 Bd7 16. Rfd1 Bc6 17. Nxe5 dxe5 18. Bf1 Qh4 19. f4 exf4 20. exf4 Rad8 21. Qf2 Qf6 22. g3 Ba4 23. Rxd8 Rxd8 24. Bg2 Bc6 25. Bxc6 Qxc6 26. Qe2 Re8 27. Qc2 Qc5+ 28. Kg2 h6 29. Rc1 Re4 30. Qd3 Qc6 31. Kf2 Qb6+ 32. c5 Qxb2+ 33. Rc2 Qb1 34. Qd5+ Kh8 35. Re2 Rxe2+ 36. Kxe2 Qc2+ 37. Ke3 Qxh2 38. Qxf5 Qxg3+ 39. Kd4 Qf2+ 40. Kc4 Qa2+ 41. Kd4 Qa1+ 42. Kc4 Qc1+ 43. Kb5 Qb2+ 44. Kc4 Qe2+ 45. Kd4 Qe8 46. Kc4 b6 47. Kd5 Kg8 48. Kd4 Qf7 49. Qc8+ Kh7 50. f5 bxc5+ 51. Kxc5 Qe7+ 52. Kc6 Qxa3 53. Qe6 Qd6+ 54. Kb5 Qxe6 55. fxe6 Kg8 56. Kc6 a4 57. e7 Kf7 58. Kd7 Kg6 59. e8=Q+ Kg5 60. Kxc7 Kh4 61. Qxa4+ Kh5 62. Qd1+ Kh4 63. Qd4+ 1-0

[Event "XXVII. Rhein-Main-Open, Gruppe A"]
[Site "Bad Homburg vor der Höhe"]
[Date "2025.06.21"]
[Round "5.28"]
[White "Mayer, Frank"]
[Black "Calvi, Stefan"]
[Result "0-1"]
[WhiteElo "1984"]
[BlackElo "1968"]
[PlyCount "64"]
[GameId "535116227222"]
[EventDate "2025.06.18"]
[WhiteTeam "Wiesbadener SV 1885"]
[BlackTeam "SV Oberursel"]

1. e4 c5 2. d4 cxd4 3. Qxd4 Nc6 4. Qd3 g6 5. Nc3 Bg7 6. Nf3 d6 7. Be2 Nf6 8. O-O O-O 9. Nd5 Nd7 10. c3 Nde5 11. Nxe5 Nxe5 12. Qd1 e6 13. Ne3 Qc7 14. f4 Nc6 15. Bf3 b6 16. Rf2 Ba6 17. h4 Rad8 18. Qe1 Ne7 19. h5 Bb7 20. f5 Be5 21. Rf1 d5 22. hxg6 hxg6 23. fxe6 dxe4 24. exf7+ Rxf7 25. Bg4 Bh2+ 26. Kh1 Rh7 27. Bh3 Nf5 28. Nxf5 Rxh3 29. Nh6+ Kh8 30. Qe2 Bg1+ 31. gxh3 e3+ 32. Kxg1 Qg3+ 0-1

[Event "XXVII. Rhein-Main-Open, Gruppe A"]
[Site "Bad Homburg vor der Höhe"]
[Date "2025.06.21"]
[Round "5.29"]
[White "Wilk, Jan"]
[Black "Faqiry, Ramat"]
[Result "0-1"]
[WhiteElo "1916"]
[BlackElo "1985"]
[PlyCount "118"]
[GameId "535116227223"]
[EventDate "2025.06.18"]
[WhiteTeam "SC Bellheim"]
[BlackTeam "SK Bad Homburg 1927"]

1. d4 d6 2. c4 g6 3. Nc3 f5 4. Nf3 Bg7 5. Qc2 Nf6 6. b3 Nc6 7. Bb2 O-O 8. e3 a6 9. Be2 h6 10. O-O Qe8 11. Rad1 g5 12. e4 fxe4 13. Nxe4 Nxe4 14. Qxe4 Bf5 15. Qe3 Bf6 16. Bd3 Qg6 17. a3 g4 18. Bxf5 Qxf5 19. Nd2 Qc2 20. Ba1 Qg6 21. Ne4 Bg7 22. Rfe1 Rae8 23. Qg3 e5 24. d5 Ne7 25. Qd3 h5 26. h4 gxh3 27. Qxh3 Rf4 28. Ng3 h4 29. Ne2 Rg4 30. f3 Rg5 31. Qe6+ Qxe6 32. dxe6 Nf5 33. f4 Rg4 34. fxe5 dxe5 35. Rd7 Rxe6 36. Nd4 Nxd4 37. Bxd4 Reg6 38. Bxe5 Re6 39. Bc3 Bd4+ 40. Kh2 Rxe1 41. Bxe1 Re4 42. Bd2 b6 43. Kh3 c5 44. Rd6 Bf2 45. Rxb6 Rd4 46. Rb8+ Kh7 47. Rh8+ Kxh8 48. Bc3 Kh7 49. Bxd4 cxd4 50. Kg4 d3 51. Kf3 Bd4 52. b4 Kg7 53. a4 Kf7 54. a5 Bc3 55. b5 Bxa5 56. Ke3 d2 57. Ke2 axb5 58. cxb5 Ke7 59. b6 Kd7 0-1

[Event "XXVII. Rhein-Main-Open, Gruppe A"]
[Site "Bad Homburg vor der Höhe"]
[Date "2025.06.21"]
[Round "5.30"]
[White "Pradeep, Harshill"]
[Black "Kretner, Georg-Ulrich"]
[Result "1-0"]
[WhiteElo "1936"]
[BlackElo "1909"]
[PlyCount "89"]
[GameId "535116227224"]
[EventDate "2025.06.18"]
[WhiteTeam "SK Bickenbach"]
[BlackTeam "SC Bad Nauheim"]

1. e4 d6 2. d4 Nf6 3. Nc3 g6 4. Be3 Bg7 5. f3 O-O 6. Qd2 e5 7. Nge2 c6 8. O-O-O b5 9. dxe5 b4 10. exf6 bxc3 11. Nxc3 Qxf6 12. Qxd6 Be6 13. h4 Nd7 14. Qh2 Qe7 15. h5 Bxc3 16. bxc3 Rfd8 17. Bd3 c5 18. c4 Nb6 19. hxg6 fxg6 20. Qe5 Nd7 21. Qg3 Qg7 22. Bh6 Qc3 23. Qe1 Qa3+ 24. Kd2 Ne5 25. Ke2 Nxc4 26. Qh4 Qc3 27. Bd2 Qg7 28. Bg5 Rd7 29. Bxc4 Bxc4+ 30. Kf2 Bxa2 31. Bf6 Qf7 32. e5 Be6 33. Rxd7 Qxd7 34. Qe4 Qd5 35. Qf4 Qd4+ 36. Qxd4 cxd4 37. Ke2 Bf5 38. Kd2 h5 39. g4 Be6 40. gxh5 gxh5 41. Rxh5 Kf7 42. f4 a5 43. f5 Bc4 44. Rh7+ Kf8 45. e6 1-0

[Event "XXVII. Rhein-Main-Open, Gruppe A"]
[Site "Bad Homburg vor der Höhe"]
[Date "2025.06.21"]
[Round "5.31"]
[White "Hasenpflug, Till"]
[Black "Martin, Reiner"]
[Result "0-1"]
[WhiteElo "1810"]
[BlackElo "1969"]
[PlyCount "130"]
[GameId "535116227225"]
[EventDate "2025.06.18"]
[WhiteTeam "SK Bad Homburg 1927"]
[BlackTeam "SC Bad Soden"]

1. e4 c5 2. Nf3 e6 3. d4 cxd4 4. Nxd4 a6 5. c4 Nf6 6. Bd3 Qc7 7. O-O b6 8. Re1 d6 9. a4 Be7 10. Qf3 O-O 11. g4 g6 12. Ne2 Nbd7 13. Bf4 Nc5 14. Bc2 e5 15. g5 Nfd7 16. Be3 Ne6 17. Nec3 Bxg5 18. Nd5 Qd8 19. Nbc3 Bxe3 20. Qxe3 Nd4 21. Bd3 Nc5 22. Ne2 Ncb3 23. Rad1 Bg4 24. Qg3 Nf3+ 25. Kh1 Bh5 26. Nec3 Nxe1 27. Rxe1 Nd4 28. f4 exf4 29. Qxf4 Kg7 30. Rf1 Ne6 31. Qg3 Qg5 32. Qxd6 Qd2 33. Nf6 Kh6 34. Nxh5 gxh5 35. Qe5 Rg8 36. Be2 Qg5 37. Qxg5+ Rxg5 38. Rxf7 Rg7 39. Rf5 Rg5 40. Nd5 Rag8 41. Rxg5 Nxg5 42. Nf6 Rg6 43. Nxh5 Nh3 44. Ng3 Kg5 45. Kg2 Nf4+ 46. Kf3 Nxe2 47. Nxe2 Rh6 48. Kg3 Rd6 49. Nf4 Rd2 50. b4 Rc2 51. h4+ Kh6 52. Nd5 Rxc4 53. Kf4 a5 54. bxa5 bxa5 55. Kf5 Rxa4 56. e5 Rxh4 57. Kf6 Rh2 58. e6 Rf2+ 59. Ke7 a4 60. Kd6 Kg7 61. e7 Kf7 62. Nc7 Rd2+ 63. Nd5 Rxd5+ 64. Kxd5 Kxe7 65. Kc4 h5 0-1

[Event "XXVII. Rhein-Main-Open, Gruppe A"]
[Site "Bad Homburg vor der Höhe"]
[Date "2025.06.21"]
[Round "5.33"]
[White "Krychevskiy, Dmytro"]
[Black "Glasschröder, Maximilian"]
[Result "1/2-1/2"]
[WhiteElo "1942"]
[BlackElo "1938"]
[PlyCount "108"]
[GameId "535116227227"]
[EventDate "2025.06.18"]
[WhiteTeam "SV Oberursel"]
[BlackTeam "SK Weilheim e.V."]

1. e4 c6 2. d4 d5 3. Nc3 dxe4 4. Nxe4 Nf6 5. Nxf6+ exf6 6. c3 Bd6 7. Bd3 O-O 8. Qc2 Re8+ 9. Ne2 h5 10. O-O h4 11. h3 Nd7 12. Bd2 Nf8 13. Rae1 Ne6 14. a4 Bc7 15. b4 a5 16. b5 c5 17. Bc4 cxd4 18. Nxd4 Be5 19. Nf5 b6 20. f4 Bd6 21. Nxd6 Qxd6 22. Be3 Bb7 23. Qf2 Rac8 24. Bxe6 Rxe6 25. Bd4 Rce8 26. f5 Re4 27. Rxe4 Rxe4 28. Re1 Rf4 29. Qc2 Qd5 30. Re8+ Kh7 31. Re2 Bc8 32. Rf2 Re4 33. Qd1 Kg8 34. Qf3 Re1+ 35. Kh2 Qd7 36. Qf4 Ra1 37. Qb8 Rxa4 38. Qxb6 Bb7 39. Qc5 Qe8 40. Qc7 Qe4 41. Qb8+ Kh7 42. Qf4 Qxf4+ 43. Rxf4 Rc4 44. Rxh4+ Kg8 45. Rf4 a4 46. Rf2 Bd5 47. b6 a3 48. Ra2 Ra4 49. Ra1 a2 50. Kg3 Kf8 51. Kf2 Ke7 52. g4 Kd6 53. Ke3 Kc6 54. h4 Ra8 1/2-1/2

[Event "XXVII. Rhein-Main-Open, Gruppe A"]
[Site "Bad Homburg vor der Höhe"]
[Date "2025.06.21"]
[Round "5.34"]
[White "Rotärmel, Leonie"]
[Black "von Wahden, Jens"]
[Result "0-1"]
[WhiteElo "1699"]
[BlackElo "1952"]
[PlyCount "82"]
[GameId "535116227228"]
[EventDate "2025.06.18"]
[WhiteTeam "SK Bad Homburg 1927"]
[BlackTeam "SV Oberursel"]

1. e4 e6 2. d4 d5 3. Nc3 Nf6 4. Bg5 Be7 5. e5 Nfd7 6. Bxe7 Qxe7 7. f4 O-O 8. Nf3 c5 9. Bd3 f6 10. dxc5 Nc6 11. Qe2 fxe5 12. fxe5 Nxc5 13. O-O Bd7 14. Nb5 Nxd3 15. Qxd3 Qc5+ 16. Nbd4 Rxf3 17. gxf3 Nxd4 18. Rf2 Rf8 19. Kg2 Nf5 20. Re1 Bc6 21. c3 d4 22. cxd4 Qxd4 23. Qxd4 Nxd4 24. Re3 Nxf3 25. Rfxf3 g5 26. Kg3 Rxf3+ 27. Rxf3 Bxf3 28. Kxf3 Kf7 29. Ke4 h5 30. h3 Kg6 31. b3 g4 32. h4 g3 33. Kf3 Kf5 34. Kxg3 Kxe5 35. Kf3 Kd4 36. Kf4 e5+ 37. Kg5 e4 38. Kxh5 e3 39. Kg6 e2 40. h5 e1=Q 41. h6 Qe8+ 0-1

[Event "XXVII. Rhein-Main-Open, Gruppe A"]
[Site "Bad Homburg vor der Höhe"]
[Date "2025.06.21"]
[Round "5.35"]
[White "Feick, Claas Marten"]
[Black "Gundel, Julian"]
[Result "1/2-1/2"]
[WhiteElo "1918"]
[BlackElo "1785"]
[PlyCount "86"]
[GameId "535116227229"]
[EventDate "2025.06.18"]
[WhiteTeam "SF Neuberg"]
[BlackTeam "SV Königsspringer 1929 Großauhei"]

1. e4 g6 2. d4 Bg7 3. Nf3 c6 4. c4 d5 5. cxd5 cxd5 6. e5 Bg4 7. Bb5+ Nd7 8. O-O e6 9. Nbd2 a6 10. Be2 Ne7 11. h3 Bxf3 12. Nxf3 O-O 13. Re1 Rc8 14. Bd2 Qb6 15. Bc3 Nb8 16. Nd2 Nbc6 17. Nb3 a5 18. g4 f6 19. Nc5 fxe5 20. Nd7 Qa7 21. Nxf8 Rxf8 22. dxe5 Qxf2+ 23. Kh1 Qg3 24. Qd3 Bxe5 25. Qxg3 Bxg3 26. Rf1 Bf4 27. Rad1 e5 28. Kg2 g5 29. a3 Kg7 30. Bf3 d4 31. Be1 Ng6 32. Bxc6 bxc6 33. Bxa5 c5 34. Bb6 c4 35. Bxd4 exd4 36. Rxd4 Ne5 37. Re1 Rb8 38. Rxf4 gxf4 39. Rxe5 Rxb2+ 40. Kf3 Rb3+ 41. Kxf4 Rxa3 42. Rc5 Rxh3 43. Rxc4 Rh6 1/2-1/2

[Event "XXVII. Rhein-Main-Open, Gruppe A"]
[Site "Bad Homburg vor der Höhe"]
[Date "2025.06.21"]
[Round "5.36"]
[White "von Auer, Ulrich"]
[Black "Hipler, Andreas"]
[Result "1-0"]
[WhiteElo "1980"]
[BlackElo "1890"]
[PlyCount "59"]
[GameId "535116227230"]
[EventDate "2025.06.18"]
[WhiteTeam "SV Oberursel"]
[BlackTeam "SK Gau-Algesheim"]

1. d4 Nf6 2. c4 e6 3. Nc3 Bb4 4. e3 b6 5. Nge2 Bb7 6. a3 Be7 7. d5 O-O 8. Ng3 d6 9. Be2 Nbd7 10. O-O a5 11. e4 Nc5 12. Be3 Nfd7 13. b4 axb4 14. axb4 Na6 15. Qb3 Bf6 16. Nh5 Qe7 17. Nxf6+ Nxf6 18. f3 Nd7 19. Ra2 c5 20. dxc6 Bxc6 21. c5 Bb7 22. Rfa1 Naxc5 23. bxc5 dxc5 24. Rxa8 Rxa8 25. Rxa8+ Bxa8 26. Qa4 Qd8 27. Bb5 Ne5 28. Qd1 Qh4 29. Bf2 Qg5 30. f4 1-0

[Event "XXVII. Rhein-Main-Open, Gruppe A"]
[Site "Bad Homburg vor der Höhe"]
[Date "2025.06.21"]
[Round "5.37"]
[White "Schmitt, Clemens"]
[Black "Kuhn, Gerhard"]
[Result "0-1"]
[WhiteElo "1881"]
[BlackElo "2033"]
[PlyCount "120"]
[GameId "535116227231"]
[EventDate "2025.06.18"]
[WhiteTeam "SV Bergwinkel"]
[BlackTeam "SK Marburg 1931/72"]

1. c4 Nf6 2. Nc3 d5 3. cxd5 Nxd5 4. Nf3 g6 5. d4 Bg7 6. e4 Nxc3 7. bxc3 c5 8. Bb5+ Nd7 9. a4 O-O 10. O-O Qc7 11. e5 a6 12. Bd3 Nb6 13. dxc5 Qxc5 14. Be3 Qc7 15. Qb3 Nd7 16. e6 Nc5 17. exf7+ Kh8 18. Qc4 Ne6 19. Ng5 Qxc4 20. Bxc4 Nxg5 21. Bxg5 e6 22. Rad1 Bxc3 23. Rd3 Bb2 24. Rb1 h6 25. Bxh6 Bg7 26. Bg5 Rxf7 27. Rbd1 b5 28. Rd8+ Rf8 29. Rxf8+ Bxf8 30. axb5 axb5 31. Bf6+ Bg7 32. Bxg7+ Kxg7 33. Bxb5 Ra5 34. Bc6 Rc5 35. Be4 Kf6 36. f3 g5 37. h3 Ba6 38. Ra1 Bb5 39. Ra5 Rc1+ 40. Kf2 Bd7 41. Ra7 Be8 42. Rh7 Bf7 43. h4 gxh4 44. Rxh4 Ra1 45. g4 Ra4 46. Kg3 Rb4 47. Rh6+ Kg7 48. g5 Bg8 49. Rg6+ Kf7 50. Rf6+ Kg7 51. Bc6 Rb6 52. Bd5 Rb5 53. Bxe6 Rxg5+ 54. Kf4 Kxf6 55. Bg4 Ra5 56. Bh3 Ra4+ 57. Kg3 Be6 58. Bg2 Ke5 59. Bh1 Rf4 60. Bg2 Rf8 0-1

[Event "XXVII. Rhein-Main-Open, Gruppe A"]
[Site "Bad Homburg vor der Höhe"]
[Date "2025.06.21"]
[Round "5.38"]
[White "Hornung, Thomas"]
[Black "Ziska, Stephan"]
[Result "1/2-1/2"]
[WhiteElo "2001"]
[BlackElo "1862"]
[PlyCount "59"]
[GameId "535116227232"]
[EventDate "2025.06.18"]
[WhiteTeam "SK Eberstadt 1924"]
[BlackTeam "Schachforum Darmstadt"]

1. d4 d5 2. c4 e6 3. Nf3 Nf6 4. cxd5 exd5 5. Nc3 Be7 6. Bf4 c6 7. h3 Bf5 8. e3 Qb6 9. Qb3 Nbd7 10. Be2 O-O 11. O-O Rfe8 12. Rac1 Ne4 13. Rfd1 Rac8 14. Qxb6 axb6 15. Ne5 Nxe5 16. Bxe5 Nxc3 17. Rxc3 Ra8 18. a3 f6 19. Bf4 Kf7 20. Bd3 Bxd3 21. Rcxd3 f5 22. g4 fxg4 23. hxg4 h6 24. Kg2 Bf6 25. R1d2 b5 26. Bd6 h5 27. gxh5 Rh8 28. Rd1 Rxh5 29. Rh1 Rah8 30. Rxh5 1/2-1/2

[Event "XXVII. Rhein-Main-Open, Gruppe A"]
[Site "Bad Homburg vor der Höhe"]
[Date "2025.06.21"]
[Round "5.39"]
[White "Nickel, Jonas"]
[Black "Schmitt, Carsten"]
[Result "1/2-1/2"]
[WhiteElo "1926"]
[BlackElo "1917"]
[PlyCount "33"]
[GameId "535116227233"]
[EventDate "2025.06.18"]
[WhiteTeam "Schachdrachen Büdingen-Wächtersb"]
[BlackTeam "SV Bergwinkel"]

1. e4 e6 2. d4 d5 3. Nc3 Nf6 4. Bg5 Bb4 5. e5 h6 6. Bd2 Bxc3 7. bxc3 Ne4 8. Nf3 O-O 9. Bd3 Nxd2 10. Qxd2 c5 11. h4 Qa5 12. Rh3 cxd4 13. Nxd4 Nc6 14. Nxc6 bxc6 15. Rg3 Kh8 16. Rb1 c5 17. Rb5 1/2-1/2

[Event "XXVII. Rhein-Main-Open, Gruppe A"]
[Site "Bad Homburg vor der Höhe"]
[Date "2025.06.21"]
[Round "5.40"]
[White "Glavev, Danail"]
[Black "Kuban, Günther"]
[Result "1/2-1/2"]
[WhiteElo "1655"]
[BlackElo "2084"]
[PlyCount "49"]
[GameId "535116227234"]
[EventDate "2025.06.18"]
[WhiteTeam "SK Bad Homburg 1927"]
[BlackTeam "Königsspringer Karben"]

1. e4 c5 2. Nc3 a6 3. f4 g6 4. Nf3 Bg7 5. a4 d6 6. Be2 Nc6 7. d3 Rb8 8. O-O Nf6 9. Qe1 Nd4 10. Bd1 O-O 11. Ne2 Nxf3+ 12. Rxf3 c4 13. Ng3 Bg4 14. Rf1 Bxd1 15. Qxd1 cxd3 16. Qxd3 Ng4 17. Qf3 Bd4+ 18. Kh1 h5 19. h3 e5 20. f5 Qh4 21. c3 Ba7 22. Bd2 Kg7 23. Rad1 Rbd8 24. c4 Bd4 25. Bc1 1/2-1/2

[Event "XXVII. Rhein-Main-Open, Gruppe A"]
[Site "Bad Homburg vor der Höhe"]
[Date "2025.06.21"]
[Round "5.41"]
[White "Ottenburg, Ralph"]
[Black "Hornung, Fabian"]
[Result "1/2-1/2"]
[WhiteElo "1962"]
[BlackElo "1854"]
[PlyCount "40"]
[GameId "535116227235"]
[EventDate "2025.06.18"]
[WhiteTeam "Sabt Frankfurter TV 1860"]
[BlackTeam "SK Gernsbach 1949"]

1. c4 c5 2. g3 Nf6 3. Bg2 d5 4. cxd5 Nxd5 5. Nc3 Nc7 6. Nf3 Nc6 7. O-O e5 8. d3 Be7 9. a3 O-O 10. Ne1 Bd7 11. Nc2 Rb8 12. Rb1 Ne6 13. b4 cxb4 14. Nxb4 Nxb4 15. axb4 Nd4 16. b5 a6 17. bxa6 bxa6 18. Rxb8 Qxb8 19. Nd5 Bc5 20. Be3 Re8 1/2-1/2

[Event "XXVII. Rhein-Main-Open, Gruppe A"]
[Site "Bad Homburg vor der Höhe"]
[Date "2025.06.21"]
[Round "5.44"]
[White "Fallouh, Philippe"]
[Black "Kopf, Rainer"]
[Result "1-0"]
[WhiteElo "1778"]
[BlackElo "1893"]
[PlyCount "75"]
[GameId "535116227238"]
[EventDate "2025.06.18"]
[WhiteTeam "SK Bad Homburg 1927"]
[BlackTeam "SC Bellheim"]

1. d4 e6 2. e3 Nf6 3. Bd3 d5 4. c3 Bd6 5. f4 O-O 6. Nd2 b6 7. Ngf3 Ba6 8. Bxa6 Nxa6 9. O-O c5 10. Ne5 Nc7 11. Qf3 Nce8 12. b3 g6 13. Bb2 Ng7 14. g4 Nd7 15. c4 cxd4 16. exd4 Bxe5 17. fxe5 Qg5 18. Qg2 Rac8 19. Rf3 f5 20. Ba3 Rfe8 21. h3 h5 22. Raf1 hxg4 23. hxg4 Kf7 24. Rg3 Qh6 25. Rh3 Qg5 26. Rg3 Qh6 27. Bc1 Qh8 28. Rh3 Qg8 29. Nf3 Ke7 30. Bg5+ Kf7 31. Nh4 Nf8 32. cxd5 Rc7 33. dxe6+ Rxe6 34. gxf5 gxf5 35. Nxf5 Nxf5 36. Rxf5+ Ke8 37. Qa8+ Kd7 38. Qd8+ 1-0

[Event "XXVII. Rhein-Main-Open, Gruppe A"]
[Site "Bad Homburg vor der Höhe"]
[Date "2025.06.21"]
[Round "5.46"]
[White "Gerhard, Dominik"]
[Black "Börsch, Dieter"]
[Result "1/2-1/2"]
[WhiteElo "1795"]
[BlackElo "1800"]
[PlyCount "45"]
[GameId "535116227240"]
[EventDate "2025.06.18"]
[WhiteTeam "SV Oberursel"]
[BlackTeam "SK Bad Homburg 1927"]

1. c4 e5 2. Nc3 Nf6 3. Nf3 Nc6 4. e3 Bb4 5. Qc2 O-O 6. Nd5 d6 7. a3 Bc5 8. Ng5 g6 9. Nxf6+ Qxf6 10. Ne4 Qe7 11. b4 Bb6 12. Be2 Nd8 13. O-O Ne6 14. Bb2 Ng5 15. Ng3 c6 16. d4 exd4 17. exd4 d5 18. c5 Bc7 19. Rae1 Ne6 20. Bd3 Qh4 21. Qc3 Qf6 22. Ne2 Nf4 23. Nxf4 1/2-1/2

[Event "XXVII. Rhein-Main-Open, Gruppe A"]
[Site "Bad Homburg vor der Höhe"]
[Date "2025.06.21"]
[Round "5.47"]
[White "Rabiya, Karim"]
[Black "Papadopoulos, Kyriakos"]
[Result "0-1"]
[WhiteElo "1810"]
[BlackElo "1726"]
[PlyCount "86"]
[GameId "535116227241"]
[EventDate "2025.06.18"]
[WhiteTeam "SK Niederbrechen 1948"]
[BlackTeam "VSG 1880 Offenbach"]

1. c4 e6 2. g3 Nf6 3. Bg2 g6 4. Nc3 c6 5. d4 d5 6. cxd5 cxd5 7. Qd3 Nc6 8. h3 Bg7 9. Nf3 O-O 10. b4 Bd7 11. Bf4 a6 12. O-O Na7 13. a4 Qe7 14. Ne5 Nh5 15. Bd2 b5 16. e4 Bxe5 17. dxe5 dxe4 18. Nxe4 Bc6 19. g4 Rad8 20. Qe3 Bxe4 21. Bxe4 Ng7 22. axb5 Nxb5 23. Rxa6 Qh4 24. Qg5 Qxg5 25. Bxg5 Rd4 26. f3 Re8 27. Bc6 Nc7 28. Ra7 Rc8 29. b5 Nd5 30. Rfa1 h6 31. Bxh6 Ne8 32. Ra8 Rxa8 33. Rxa8 Kh7 34. Bg5 Nec7 35. Rd8 Rb4 36. Rd7 Kg8 37. Bf6 Nxf6 38. Rxc7 Nd5 39. Rb7 Rb1+ 40. Kf2 Rb2+ 41. Kg3 g5 42. Be8 Nf4 43. Bxf7+ Kf8 0-1

[Event "XXVII. Rhein-Main-Open, Gruppe A"]
[Site "Bad Homburg vor der Höhe"]
[Date "2025.06.21"]
[Round "5.48"]
[White "Mallmann, Bernd"]
[Black "Boscher, Hans"]
[Result "1-0"]
[WhiteElo "1855"]
[BlackElo "1741"]
[PlyCount "55"]
[GameId "535116227242"]
[EventDate "2025.06.18"]
[WhiteTeam "Schulschach IGS Trier e.V."]
[BlackTeam "SC Bad Soden"]

1. c4 e5 2. g3 Nf6 3. Bg2 d5 4. cxd5 Nxd5 5. Nc3 Nb6 6. Nf3 Nc6 7. O-O Be7 8. a3 O-O 9. b4 a6 10. Bb2 Be6 11. d3 f5 12. Rc1 Bf6 13. Na4 Nxa4 14. Qxa4 Bd5 15. Rfd1 Qe7 16. Rc5 Rfd8 17. Rxd5 Rxd5 18. Qb3 Rad8 19. e4 Nd4 20. Nxd4 exd4 21. exd5 Kf8 22. Qc2 b6 23. Rc1 Rd7 24. Kf1 Qd6 25. Re1 Re7 26. Rxe7 Qxe7 27. Qe2 Qd6 28. Qe6 1-0

[Event "XXVII. Rhein-Main-Open, Gruppe A"]
[Site "Bad Homburg vor der Höhe"]
[Date "2025.06.21"]
[Round "5.49"]
[White "Fischer, Frederik"]
[Black "Holschuh, Elias"]
[Result "1/2-1/2"]
[WhiteElo "1651"]
[BlackElo "1746"]
[PlyCount "87"]
[GameId "535116227243"]
[EventDate "2025.06.18"]
[WhiteTeam "SV Oberursel"]
[BlackTeam "SV Worms 1878"]

1. c4 c6 2. e4 d5 3. exd5 cxd5 4. cxd5 Qxd5 5. Nc3 Qd8 6. d4 e6 7. Nf3 Nf6 8. Bd3 Be7 9. O-O O-O 10. Bf4 Bd7 11. Ne5 Nc6 12. Re1 Rc8 13. Rc1 Nb4 14. Bc4 Bc6 15. a3 Nbd5 16. Nxc6 Rxc6 17. Nxd5 Nxd5 18. Bg3 Nf6 19. Be5 Qb6 20. Re2 Nd7 21. Bf4 Nf6 22. Rc3 Rfc8 23. Rb3 Qd8 24. Bb5 Rb6 25. Rc2 a6 26. Bc4 Rxb3 27. Bxb3 Rxc2 28. Bxc2 Qb6 29. b4 Nd5 30. Qd3 g6 31. Bh6 Bf8 32. Bxf8 Kxf8 33. Bb3 Qc6 34. Bxd5 Qxd5 35. Qc3 Ke7 36. Qc7+ Qd7 37. Qc5+ Qd6 38. Qc3 Kd8 39. g3 Qd5 40. f3 Kd7 41. Kf2 Qa2+ 42. Kg1 Qb1+ 43. Kg2 Qa2+ 44. Kg1 1/2-1/2

[Event "XXVII. Rhein-Main-Open, Gruppe A"]
[Site "Bad Homburg vor der Höhe"]
[Date "2025.06.21"]
[Round "5.50"]
[White "Marchese, Gaspare"]
[Black "Held, Bernhard"]
[Result "0-1"]
[WhiteElo "1869"]
[BlackElo "1842"]
[PlyCount "84"]
[GameId "535116227244"]
[EventDate "2025.06.18"]
[WhiteTeam "SC Matt im Park Ffm"]
[BlackTeam "SK 1908 Göggingen"]

1. e4 c5 2. Nc3 Nc6 3. g3 g6 4. Bg2 Bg7 5. Nf3 d6 6. d3 Nf6 7. h3 O-O 8. O-O Bd7 9. a4 Qc7 10. Nh4 e5 11. Kh2 Nd4 12. Ne2 Be6 13. Nxd4 cxd4 14. Bd2 d5 15. exd5 Bxd5 16. Re1 Bxg2 17. Kxg2 Nd5 18. Nf3 Rfe8 19. Rc1 Qb6 20. a5 Qb5 21. Rb1 Re7 22. b4 Rc8 23. Rb3 Rec7 24. Qe2 f6 25. Rb2 Nc3 26. Bxc3 Rxc3 27. Qe4 Qc6 28. Qxc6 R8xc6 29. Re2 Kf7 30. g4 Ra3 31. Nd2 Bf8 32. Nc4 Rc3 33. Re1 Ke6 34. Kf3 Kd5 35. h4 Re6 36. Nd2 f5 37. g5 e4+ 38. Kg2 exd3 39. Rxe6 Kxe6 40. cxd3 Rxd3 41. b5 Kd5 42. f3 Ra3 0-1

[Event "XXVII. Rhein-Main-Open, Gruppe A"]
[Site "Bad Homburg vor der Höhe"]
[Date "2025.06.21"]
[Round "5.51"]
[White "Hebauf, Markus"]
[Black "Moldenhauer, Lennart"]
[Result "0-1"]
[WhiteElo "1662"]
[BlackElo "1751"]
[PlyCount "44"]
[GameId "535116227245"]
[EventDate "2025.06.18"]
[WhiteTeam "Sfr.1932 Kelkheim"]
[BlackTeam "SV Oberursel"]

1. d4 g6 2. c4 Bg7 3. Nc3 d6 4. e4 e5 5. d5 a5 6. Nf3 f5 7. Bg5 Nf6 8. exf5 gxf5 9. Be2 h6 10. Bh4 Na6 11. O-O O-O 12. Rc1 Nc5 13. Rc2 Qe8 14. b3 f4 15. Na4 Nfd7 16. Nxc5 Nxc5 17. Nd2 Bf5 18. Bh5 Bxc2 19. Bxe8 Bxd1 20. Bg6 Be2 21. Re1 Bd3 22. Bxd3 Nxd3 0-1

[Event "XXVII. Rhein-Main-Open, Gruppe A"]
[Site "Bad Homburg vor der Höhe"]
[Date "2025.06.21"]
[Round "5.52"]
[White "Herrmann, Gerhard"]
[Black "Schultze, Jörg-Martin"]
[Result "0-1"]
[WhiteElo "1668"]
[BlackElo "1909"]
[PlyCount "62"]
[GameId "535116227246"]
[EventDate "2025.06.18"]
[WhiteTeam "SC Königsspringer Alzenau e.V"]
[BlackTeam "SF Braunfels"]

1. e4 c5 2. Nf3 e6 3. c3 d5 4. exd5 exd5 5. Bb5+ Nc6 6. O-O Bd6 7. d4 Nge7 8. dxc5 Bxc5 9. Nbd2 O-O 10. Nb3 Bd6 11. Bg5 Qb6 12. Bd3 Bg4 13. Bxe7 Bxe7 14. h3 Bh5 15. Be2 Rad8 16. Nh2 Bg6 17. Bd3 d4 18. Bxg6 fxg6 19. cxd4 Nxd4 20. Nxd4 Rxd4 21. Qe2 Bc5 22. Nf3 Rdf4 23. b3 g5 24. Rac1 h5 25. Rc4 g4 26. Rxf4 Rxf4 27. hxg4 hxg4 28. Nd2 g3 29. Ne4 Rxe4 30. Qxe4 Bxf2+ 31. Rxf2 Qxf2+ 0-1

[Event "XXVII. Rhein-Main-Open, Gruppe A"]
[Site "Bad Homburg vor der Höhe"]
[Date "2025.06.21"]
[Round "5.53"]
[White "Varma, Christopher"]
[Black "Pade, Joachim"]
[Result "1-0"]
[WhiteElo "1924"]
[BlackElo "1777"]
[PlyCount "51"]
[GameId "535116227247"]
[EventDate "2025.06.18"]
[WhiteTeam "SV Oberursel"]
[BlackTeam "SV Rochade Hünfeld"]

1. e4 c6 2. d3 d5 3. Bf4 e6 4. Nf3 dxe4 5. dxe4 Qxd1+ 6. Kxd1 Bc5 7. Ke2 Nf6 8. Nbd2 O-O 9. a4 Ng4 10. Bg3 a5 11. h3 Nf6 12. Ne1 b5 13. Nd3 Be7 14. axb5 cxb5 15. Bxb8 Rxb8 16. Rxa5 Rd8 17. g3 Bf8 18. Bg2 Bd7 19. Rha1 b4 20. e5 Ne8 21. Nb3 Bb5 22. Ke3 g6 23. Nd4 Rxd4 24. Kxd4 Bh6 25. Rxb5 Rxb5 26. Ra8 1-0

[Event "XXVII. Rhein-Main-Open, Gruppe A"]
[Site "Bad Homburg vor der Höhe"]
[Date "2025.06.21"]
[Round "5.54"]
[White "Köhlich, Viktor"]
[Black "Basedow, Marc"]
[Result "1/2-1/2"]
[WhiteElo "1774"]
[BlackElo "1682"]
[PlyCount "93"]
[GameId "535116227248"]
[EventDate "2025.06.18"]
[WhiteTeam "SC Matt im Park Ffm"]
[BlackTeam "SC Bad Soden"]

1. d4 Nf6 2. Nf3 g6 3. Bf4 d6 4. h3 Nbd7 5. e3 c6 6. Be2 Qa5+ 7. Qd2 Qc7 8. O-O Bg7 9. Nc3 O-O 10. Rfd1 h6 11. e4 Kh7 12. e5 Nh5 13. exd6 exd6 14. Bh2 Nhf6 15. Bc4 b5 16. Bb3 Nb6 17. Qf4 Rd8 18. Re1 Nc4 19. a4 Nh5 20. Qc1 Ba6 21. axb5 Bxb5 22. Nxb5 cxb5 23. c3 a5 24. Bc2 Nf6 25. b3 Nb6 26. Bd3 Qd7 27. Ra2 a4 28. bxa4 Rxa4 29. Rxa4 bxa4 30. Qb2 Qa7 31. Rb1 Nbd5 32. Qa3 Bf8 33. Bb5 Nb6 34. c4 Nxc4 35. Qxa4 Qxa4 36. Bxa4 Ne4 37. Bc6 Ned2 38. Nxd2 Nxd2 39. Rb2 Rc8 40. d5 Nc4 41. Rb7 Kg7 42. Bf4 g5 43. Bg3 Na5 44. Rb6 Nc4 45. Rb7 Na5 46. Rb6 Nc4 47. Rb7 1/2-1/2